Criminal Minds Characters - Statistics

General Stats
  • This quiz has been taken 4,068 times
  • The average score is 8 of 10
Answer Stats
Hint Answer % Correct
AJ Cook JJ
95%
Mathew Gray Gubler Reid
93%
Shemar Moore Morgan
92%
Kristen Vangsness Garcia
90%
Thomas Gibson Hotchner
88%
Joe Mantegna Rossi
85%
Paget Brewster Prentiss
79%
Mnady Patinkin Gideon
69%
Lola Glaudini Elle
56%
Jeanne Tripplehorn Blake
36%
No matching quizzes found
Score Distribution
Percent of People with Each Score
Percentile by Number Answered
Your Score History
You have not taken this quiz